Safdie (Record no. 7946)

000 -LEADER
fixed length control field 00356nam a22001457a 4500
003 - CONTROL NUMBER IDENTIFIER
control field OSt
005 - DATE AND TIME OF LATEST TRANSACTION
control field 20200610104016.0
008 - FIXED-LENGTH DATA ELEMENTS--GENERAL INFORMATION
fixed length control field 200610b ||||| |||| 00| 0 eng d
020 ## - INTERNATIONAL STANDARD BOOK NUMBER
International Standard Book Number 9781864705591
082 ## - DEWEY DECIMAL CLASSIFICATION NUMBER
Classification number 720.92
Item number SAF
100 ## - MAIN ENTRY--PERSONAL NAME
Personal name Safdie, Moshe
245 ## - TITLE STATEMENT
Title Safdie
260 ## - PUBLICATION, DISTRIBUTION, ETC. (IMPRINT)
Place of publication, distribution, etc Australia
Name of publisher, distributor, etc Images Publishing Dist Ac
Date of publication, distribution, etc December 22, 2014
942 ## - ADDED ENTRY ELEMENTS (KOHA)
Source of classification or shelving scheme
Holdings
Withdrawn status Lost status Source of classification or shelving scheme Damaged status Koha normalized classification for sorting Not for loan Permanent location Current location Date acquired Full call number Barcode Date last seen Price effective from Koha item type
        720_920000000000000_SAF   BMS College of Architecture, Design and Planning BMS College of Architecture, Design and Planning 2020-06-10 720.92 SAF AR-PG287 2020-06-10 2020-06-10 PG Books
Copyright © 2025, The Librarian, Library and Information Centre, BMSCA D&P, Bengaluru. All Rights Reserved
web counter

Powered by Koha